000 00796nam a2200217 i 4500
001 56395
003 ES-MaACL
005 20240227112236.0
007 t|
008 031008s1977 sp ||||1| spa d
020 _a84-85117-16-6
080 _a03=00
245 0 0 _aDiccionario simultáneo en 21 idiomas :
_bespañol, inglés, francés, alemán, italiano, portugués, catalán, checo, danés, esperanto, finés, griego, holandes, húngaro, malayo, noruego, polaco, rumano, ruso, sueco, turco.
260 _aBarcelona :
_bDistein,
_c[1977]
300 _a230 h. ;
_c20 cm.
650 0 4 _aDiccionarios políglotas
_911876
852 _aES-MaACL
_jA-8504
_bR.97239
852 _aES-MaACL
_jA-15260
_958572
_cDEPO1
_dOlim: L 03=00 dic
942 _2udc
999 _c56395
_d56395